[Event "Lliga Catalana eq. DH"]
[Site "?"]
[Date "2014.04.05"]
[Round "11.6"]
[White "Travesset Ribera, D."]
[Black "Bergez, L."]
[Result "1/2-1/2"]
[WhiteElo "2245"]
[BlackElo "2391"]
[PlyCount "41"]
[EventDate "2014.??.??"]
[EventType "team"]
[EventCountry "ESP"]

1. Nf3 g6 2. g3 Bg7 3. d4 Nf6 4. c4 O-O 5. Bg2 d6 6. O-O Nbd7 7. Nc3 e5 8. e4
exd4 9. Nxd4 Re8 10. h3 Nc5 11. Re1 a5 12. Nb3 Be6 13. Nxc5 dxc5 14. Be3 Nd7
15. Qc2 Bxc4 16. f4 b6 17. Rad1 Qc8 18. Qa4 b5 19. Qc2 Rb8 20. b3 Be6 21. f5
1/2-1/2

[Event "Lliga Catalana eq. DH"]
[Site "?"]
[Date "2014.04.05"]
[Round "11.6"]
[White "Valencia Jimenez, J."]
[Black "Lopez Santana, O."]
[Result "0-1"]
[WhiteElo "2221"]
[BlackElo "2279"]
[PlyCount "94"]
[EventDate "2014.??.??"]
[EventType "team"]
[EventCountry "ESP"]

1. d4 e6 2. Nf3 Nf6 3. c4 c5 4. g3 d5 5. cxd5 exd5 6. Bg2 Nc6 7. O-O h6 8. Nc3
Be7 9. Bf4 O-O 10. Rc1 c4 11. Ne5 Be6 12. b3 Ba3 13. Rb1 Qa5 14. Nxc6 bxc6 15.
Qc2 Bb4 16. Na4 cxb3 17. Qxb3 Be7 18. Qc2 Ne4 19. Rb7 Bf6 20. Bxe4 dxe4 21. Nc5
Qxa2 22. Qxa2 Bxa2 23. e3 Rfe8 24. Ra1 Bd5 25. Bd6 a5 26. Bc7 Bd8 27. Bd6 Bc4
28. Kg2 Bf6 29. Nd7 Bd3 30. Rc1 a4 31. Rc3 Red8 32. Ba3 Ba6 33. Rc7 Bb5 34. f3
Re8 35. Kf2 Bd8 36. Rb7 Ba5 37. Rc2 exf3 38. Ne5 f6 39. Nc4 h5 40. Nd6 Reb8 41.
Rd7 Bd8 42. Rc5 Bd3 43. Rxc6 Rb3 44. Nc8 Rxa3 45. Rxd8+ Kh7 46. Rc5 Be4 47. Rd7
Ra2+ 0-1

[Event "Lliga Catalana eq. DH"]
[Site "?"]
[Date "2014.04.05"]
[Round "11.6"]
[White "Velasco Blasco, JM."]
[Black "Ezquerro Luque, A."]
[Result "1-0"]
[WhiteElo "2224"]
[BlackElo "2201"]
[PlyCount "89"]
[EventDate "2014.??.??"]
[EventType "team"]
[EventCountry "ESP"]

1. d4 d6 2. e4 g6 3. Nc3 Bg7 4. f4 Nd7 5. Nf3 c5 6. Bc4 Nb6 7. Bxf7+ Kxf7 8.
dxc5 Bxc3+ 9. bxc3 Nf6 10. cxb6 Qxb6 11. Qd3 Bd7 12. Be3 Qa5 13. O-O Rhc8 14.
e5 Nd5 15. e6+ Bxe6 16. Ng5+ Kg8 17. Nxe6 Nxc3 18. f5 Qd5 19. fxg6 Qxd3 20.
cxd3 hxg6 21. Rf2 Nd5 22. Bd4 Nc7 23. Nxc7 Rxc7 24. Raf1 e5 25. Bb2 Rac8 26.
Rf6 Rc2 27. Ba3 Rxa2 28. Bxd6 Rcc2 29. Bxe5 Rxg2+ 30. Kh1 Kh7 31. Rf7+ Kh6 32.
Rxb7 a5 33. Bf4+ Kh5 34. Rh7+ Kg4 35. h3+ Kf5 36. Bd2+ Ke5 37. Kxg2 Rxd2+ 38.
Rf2 Rxd3 39. Ra2 Rd5 40. Ra7 Kf6 41. R7xa5 Rd3 42. Rf2+ Kg7 43. Rf3 Rd4 44. Ra6
Rb4 45. Rg3 1-0

[Event "Lliga Catalana eq. DH"]
[Site "?"]
[Date "2014.04.05"]
[Round "11.7"]
[White "Gil Gil, A."]
[Black "Jose Abril, R."]
[Result "0-1"]
[WhiteElo "2022"]
[BlackElo "2397"]
[PlyCount "104"]
[EventDate "2014.??.??"]
[EventType "team"]
[EventCountry "ESP"]

1. e4 c5 2. Nf3 d6 3. d4 cxd4 4. Nxd4 Nf6 5. Nc3 g6 6. Bc4 Bg7 7. Bb3 O-O 8.
Be3 Ng4 9. Qd2 Nxe3 10. Qxe3 Nc6 11. Nxc6 bxc6 12. h4 h5 13. f3 Qb6 14. Qg5 Kh7
15. Ne2 Ba6 16. Qd2 Bxb2 17. Rb1 Bg7 18. g4 Qc5 19. c4 Qe5 20. gxh5 Qxh5 21.
Kf2 Qc5+ 22. Kg2 Bh6 23. f4 Rg8 24. Rh3 Bc8 25. Rg3 Rb8 26. Qd3 Be6 27. Rf1 Rb4
28. f5 Bxc4 29. fxg6+ fxg6 30. Qf3 Bxb3 31. axb3 Rf8 32. Qg4 Qh5 33. Rxf8 Bxf8
34. Qxh5+ gxh5 35. Rg5 Bh6 36. Rxh5 Rxe4 37. Ng3 Rb4 38. Ra5 Be3 39. Nf5 Bb6
40. Ra3 Re4 41. Ra4 Re5 42. Ng3 d5 43. Kf3 Re3+ 44. Kg4 e5 45. Nh5 Rxb3 46.
Nf6+ Kh6 47. Kf5 e4 48. Ra2 Rf3+ 49. Ke6 Bd4 50. Ng8+ Kh5 51. Kd6 Rc3 52. Ne7
Bc5+ 0-1

[Event "Lliga Catalana eq. DH"]
[Site "?"]
[Date "2014.04.05"]
[Round "11.7"]
[White "Heredia Tarrats, A."]
[Black "Comallonga Fernandez, J."]
[Result "1-0"]
[WhiteElo "2199"]
[BlackElo "2198"]
[PlyCount "107"]
[EventDate "2014.??.??"]
[EventType "team"]
[EventCountry "ESP"]

1. e4 c5 2. Nf3 e6 3. d4 cxd4 4. Nxd4 a6 5. Nc3 Qc7 6. Bd3 Nc6 7. Be3 Nf6 8.
O-O d6 9. f4 Bd7 10. a3 Be7 11. Qf3 O-O 12. Kh1 Rfe8 13. Nb3 Na5 14. e5 Nd5 15.
Nxd5 exd5 16. Qxd5 Nxb3 17. Qxb3 b5 18. Bd4 Be6 19. Qc3 Qb7 20. Qd2 dxe5 21.
Bxe5 f6 22. Bc3 Bd5 23. Qf2 Qc6 24. Bd4 Rad8 25. Rad1 g6 26. c3 Bf8 27. Rfe1
Kf7 28. Rd2 Bxg2+ 29. Kg1 Rxe1+ 30. Qxe1 Re8 31. Qh4 Be4 32. Qxh7+ Bg7 33. Bxe4
Qxe4 34. Bf2 Qb1+ 35. Kg2 Qe4+ 36. Kg3 Qe6 37. Qh3 f5 38. Qg2 Re7 39. Bc5 Qe1+
40. Qf2 Qxf2+ 41. Kxf2 Re6 42. Rd7+ Kg8 43. Rd6 Kf7 44. Rd7+ Kg8 45. Bd4 Bf8
46. b4 Be7 47. Be5 Kf8 48. Ke3 Ke8 49. Rc7 Kd8 50. Rb7 Kc8 51. Rb8+ Kd7 52. Kd4
Bf6 53. Kd5 Bxe5 54. Rb7+ 1-0

[Event "Lliga Catalana eq. DH"]
[Site "?"]
[Date "2014.04.05"]
[Round "11.7"]
[White "Martinez Ramirez, E."]
[Black "Delisau Gil, O."]
[Result "1/2-1/2"]
[WhiteElo "2372"]
[BlackElo "2233"]
[PlyCount "95"]
[EventDate "2014.??.??"]
[EventType "team"]
[EventCountry "ESP"]

1. e4 e5 2. Nf3 Nc6 3. d4 exd4 4. Nxd4 Nf6 5. Nxc6 bxc6 6. e5 Qe7 7. Qe2 Nd5 8.
c4 Ba6 9. b3 g6 10. Bb2 Bg7 11. Nd2 Nb4 12. O-O-O c5 13. Ne4 Bb7 14. a3 Bxe4
15. Qxe4 Nc6 16. f4 Rb8 17. Kc2 O-O 18. g3 Rb6 19. Bh3 Nd4+ 20. Bxd4 cxd4 21.
Qxd4 Qxa3 22. Rd3 Qa2+ 23. Qb2 Qxb2+ 24. Kxb2 d6 25. c5 Rb5 26. cxd6 cxd6 27.
Bd7 Rb6 28. Re1 dxe5 29. fxe5 Rd8 30. Kc2 Kf8 31. e6 fxe6 32. Bxe6 Rxd3 33.
Kxd3 Rd6+ 34. Kc4 Bf6 35. Bd5 Bd8 36. Ra1 Rd7 37. Kc5 Bb6+ 38. Kc6 Re7 39. Rf1+
Kg7 40. Kd6 Re2 41. h4 Bf2 42. g4 Bg3+ 43. Kc6 Re7 44. Rh1 Rc7+ 45. Kb5 Bf2 46.
Bc4 Re7 47. g5 h6 48. Rh2 1/2-1/2

[Event "Lliga Catalana eq. DH"]
[Site "?"]
[Date "2014.04.05"]
[Round "11.7"]
[White "Pijuan Herranz, M."]
[Black "Palomares, J."]
[Result "1-0"]
[WhiteElo "2313"]
[BlackElo "2040"]
[PlyCount "87"]
[EventDate "2014.??.??"]
[EventType "team"]
[EventCountry "ESP"]

1. d4 b6 2. Nf3 d6 3. g3 Bb7 4. Bg2 Nd7 5. c4 g6 6. O-O Bg7 7. Nc3 e6 8. Bg5
Ne7 9. e4 h6 10. Be3 O-O 11. Qd2 Kh7 12. Rfe1 Nf6 13. e5 dxe5 14. dxe5 Qxd2 15.
Nxd2 Bxg2 16. exf6 Bxf6 17. Kxg2 Nf5 18. Nde4 Nxe3+ 19. Rxe3 Bd4 20. Rd3 c5 21.
f4 f5 22. Nd2 Rad8 23. Nf3 Bxc3 24. Rxc3 g5 25. fxg5 e5 26. g6+ Kg7 27. Nxe5
Rd2+ 28. Kf3 Re8 29. Rd3 Rxd3+ 30. Nxd3 Kxg6 31. Re1 Rd8 32. Nf4+ Kf7 33. Nd5
Rd7 34. Kf4 b5 35. Re7+ Rxe7 36. Nxe7 Kxe7 37. cxb5 Ke6 38. a4 c4 39. h3 h5 40.
a5 Kd5 41. Kxf5 Kc5 42. g4 hxg4 43. hxg4 Kxb5 44. g5 1-0

[Event "Lliga Catalana eq. DH"]
[Site "?"]
[Date "2014.04.05"]
[Round "11.7"]
[White "Quintas Galeano, L."]
[Black "Maroto Borras, J."]
[Result "1/2-1/2"]
[WhiteElo "2222"]
[BlackElo "2199"]
[PlyCount "74"]
[EventDate "2014.??.??"]
[EventType "team"]
[EventCountry "ESP"]

1. e4 e6 2. d4 d5 3. Nc3 dxe4 4. Nxe4 Nd7 5. Bd3 Ngf6 6. Qe2 b6 7. Nxf6+ Nxf6
8. Bb5+ Bd7 9. Nf3 Bxb5 10. Qxb5+ Qd7 11. Qe2 c5 12. O-O cxd4 13. Rd1 Bd6 14.
Rxd4 Qc7 15. Qb5+ Ke7 16. Bg5 Rhd8 17. c3 Qc5 18. Qe2 h6 19. Bxf6+ gxf6 20. Qe4
Rac8 21. Rad1 Bc7 22. g3 a5 23. Rxd8 Rxd8 24. Nd4 Rd5 25. Re1 Be5 26. Nb3 Qc7
27. f4 f5 28. Qf3 a4 29. Rxe5 Rxe5 30. fxe5 axb3 31. axb3 Qxe5 32. Qb7+ Kf6 33.
Qxb6 Qe1+ 34. Kg2 Qe4+ 35. Kf1 Qh1+ 36. Ke2 Qg2+ 37. Kd3 Qxh2 1/2-1/2

[Event "Lliga Catalana eq. DH"]
[Site "?"]
[Date "2014.04.05"]
[Round "11.7"]
[White "Ribera Baztan, J."]
[Black "Marques Taltavull, A."]
[Result "1-0"]
[WhiteElo "2201"]
[BlackElo "2254"]
[PlyCount "127"]
[EventDate "2014.??.??"]
[EventType "team"]
[EventCountry "ESP"]

1. d4 Nf6 2. c4 c5 3. d5 b5 4. cxb5 e6 5. Nc3 exd5 6. Nxd5 Bb7 7. e4 Nxd5 8.
exd5 Be7 9. Ne2 O-O 10. Nc3 Re8 11. Be2 Bf6 12. O-O a6 13. a4 d6 14. Bf4 Bxc3
15. bxc3 Qf6 16. Qd2 Nd7 17. Rfe1 Ne5 18. bxa6 Bxa6 19. Bxa6 Rxa6 20. Bxe5 Rxe5
21. Rxe5 dxe5 22. h3 h6 23. Qd3 g6 24. Qc4 Ra5 25. Rb1 Qd6 26. Rb5 Rxb5 27.
Qxb5 Qxd5 28. a5 Kg7 29. a6 e4 30. a7 Qd1+ 31. Kh2 Qd6+ 32. g3 Qd5 33. Qe8 Qa2
34. Qe5+ Kh7 35. Qxc5 h5 36. Kg2 Qa6 37. Qe7 Qa2 38. c4 Kg7 39. Qe5+ Kh7 40.
Qd4 h4 41. gxh4 f5 42. h5 Qa6 43. hxg6+ Qxg6+ 44. Kf1 Qa6 45. Qd7+ Kh6 46. Qf7
Qa1+ 47. Kg2 Qh8 48. Qb7 Qg8+ 49. Kh2 Qg5 50. a8=Q Qf4+ 51. Kg1 Qc1+ 52. Kg2
Qg5+ 53. Kf1 Qc1+ 54. Ke2 Qxc4+ 55. Ke3 Qc5+ 56. Kf4 Qxf2+ 57. Ke5 Qc5+ 58. Qd5
Qc3+ 59. Kxf5 Qf3+ 60. Ke5 Qc3+ 61. Kxe4 Qe1+ 62. Kf5 Qf2+ 63. Ke6 Qf7+ 64.
Kxf7 1-0

[Event "Lliga Catalana eq. DH"]
[Site "?"]
[Date "2014.04.05"]
[Round "11.7"]
[White "Sanchez Ibern, M."]
[Black "Oms Pallisse, J."]
[Result "1/2-1/2"]
[WhiteElo "2445"]
[BlackElo "2517"]
[PlyCount "74"]
[EventDate "2014.??.??"]
[EventType "team"]
[EventCountry "ESP"]

1. Nf3 Nf6 2. d4 e6 3. g3 b5 4. Bg2 d5 5. O-O Bb7 6. a4 b4 7. Ne5 Nbd7 8. Nd3
a5 9. c4 bxc3 10. bxc3 c5 11. Ba3 Qc7 12. Nd2 c4 13. Bxf8 Kxf8 14. Ne1 g6 15.
f3 e5 16. Nc2 Kg7 17. f4 exd4 18. Nxd4 Nc5 19. h3 Qe7 20. Rf3 Bc8 21. Nf1 Bd7
22. Re3 Qd6 23. Re5 Rae8 24. Ne3 Nxa4 25. Rxa4 Rxe5 26. fxe5 Qxe5 27. Nf1 Bxa4
28. Qxa4 Qc7 29. Kf2 h5 30. h4 Ng4+ 31. Kg1 Nf6 32. Kf2 Ng4+ 33. Kg1 Rb8 34.
Qa2 Nf6 35. Kf2 Ng4+ 36. Kg1 Nf6 37. Kf2 Qe5 1/2-1/2

[Event "Lliga Catalana eq. DH"]
[Site "?"]
[Date "2014.04.05"]
[Round "11.7"]
[White "Subirachs Mancebo, G."]
[Black "Fernandez Alonso, MA."]
[Result "1/2-1/2"]
[WhiteElo "2213"]
[BlackElo "2214"]
[PlyCount "31"]
[EventDate "2014.??.??"]
[EventType "team"]
[EventCountry "ESP"]

1. e4 c5 2. b3 Nc6 3. Bb2 e5 4. Bc4 Nf6 5. Nc3 d6 6. d3 Be7 7. Nge2 Be6 8. O-O
O-O 9. a4 Nd4 10. Ng3 Qd7 11. Bc1 d5 12. exd5 Nxd5 13. Nxd5 Bxd5 14. c3 Nc6 15.
f4 Rad8 16. Qe2 1/2-1/2

[Event "Lliga Catalana eq. DH"]
[Site "?"]
[Date "2014.04.05"]
[Round "11.8"]
[White "Clopes Llahi, J."]
[Black "Fernandez Lopez, J."]
[Result "1-0"]
[WhiteElo "2227"]
[BlackElo "2171"]
[PlyCount "67"]
[EventDate "2014.??.??"]
[EventType "team"]
[EventCountry "ESP"]

1. e4 c5 2. Nf3 Nc6 3. Bb5 g6 4. O-O Bg7 5. Re1 Nf6 6. e5 Nd5 7. Nc3 Nxc3 8.
dxc3 O-O 9. Bg5 h6 10. Bh4 Qc7 11. Qd5 b6 12. Rad1 a6 13. Bc4 b5 14. Bd3 Qb6
15. Be4 Ra7 16. Bg3 Na5 17. Qd3 Nc4 18. Rb1 d6 19. e6 f5 20. Bd5 f4 21. Bh4 g5
22. Bxg5 hxg5 23. Nxg5 Rf6 24. Qh7+ Kf8 25. Qh5 Kg8 26. Be4 Bh6 27. Nf7 Bg7 28.
Ng5 Bh6 29. Qe8+ Kg7 30. Nh7 Bb7 31. Qxe7+ Kh8 32. Qxf6+ Bg7 33. Qh4 Kg8 34.
Nf6+ 1-0

[Event "Lliga Catalana eq. DH"]
[Site "?"]
[Date "2014.04.05"]
[Round "11.8"]
[White "Grau Garsaball, J."]
[Black "Forsberg Conde, M."]
[Result "1-0"]
[WhiteElo "2179"]
[BlackElo "2197"]
[PlyCount "97"]
[EventDate "2014.??.??"]
[EventType "team"]
[EventCountry "ESP"]

1. d4 d5 2. c4 e6 3. Nc3 Nf6 4. Bg5 Nbd7 5. e3 c6 6. cxd5 exd5 7. Bd3 Be7 8.
Nf3 O-O 9. O-O Re8 10. Qc2 Nf8 11. Ne5 Ng4 12. Bxe7 Qxe7 13. Nxg4 Bxg4 14. h3
Bh5 15. a4 Bg6 16. Rfe1 Ne6 17. Rad1 Bxd3 18. Qxd3 Qh4 19. Qf5 Ng5 20. Qg4 Qh6
21. e4 dxe4 22. Nxe4 Nxe4 23. Rxe4 Rxe4 24. Qxe4 Rd8 25. Qe7 Qd6 26. Qxb7 Rb8
27. Qxa7 Rxb2 28. Qc5 Qxc5 29. dxc5 Kf8 30. Rd6 Ra2 31. Rxc6 Rxa4 32. Rc7 Rc4
33. g3 Ke8 34. Kg2 Rc3 35. g4 h6 36. f3 g6 37. h4 h5 38. Kg3 Rc4 39. gxh5 gxh5
40. c6 Kf8 41. Rc8+ Ke7 42. c7 Kf6 43. Rh8 Rxc7 44. Rxh5 Rc1 45. Rg5 Rg1+ 46.
Kf4 Rxg5 47. hxg5+ Kg6 48. Kg4 f6 49. gxf6 1-0

[Event "Lliga Catalana eq. DH"]
[Site "?"]
[Date "2014.04.05"]
[Round "11.8"]
[White "Gutierrez Clares, J."]
[Black "De la Fuente Clemente, C."]
[Result "1-0"]
[WhiteElo "2321"]
[BlackElo "1975"]
[PlyCount "149"]
[EventDate "2014.??.??"]
[EventType "team"]
[EventCountry "ESP"]

1. d4 Nf6 2. c4 g6 3. Nc3 d5 4. Nf3 Bg7 5. Bg5 c6 6. e3 Bg4 7. h3 Bxf3 8. Qxf3
Qa5 9. Bxf6 Bxf6 10. cxd5 O-O 11. d6 c5 12. dxe7 Bxe7 13. d5 Nd7 14. Be2 Qb4
15. Rb1 Bf6 16. O-O Bg7 17. d6 b6 18. Nd5 Qd2 19. Rfd1 Qa5 20. a3 Rad8 21. Ne7+
Kh8 22. Nc6 Ne5 23. Nxa5 Nxf3+ 24. Bxf3 bxa5 25. Rd5 Rfe8 26. Rxc5 Rxd6 27. Rc7
Kg8 28. Rxa7 Re5 29. Rc1 Bf8 30. Rcc7 Rf6 31. Rc8 Kg7 32. Rca8 Rb5 33. Rxa5
Rxb2 34. Rd5 Rc6 35. Be4 Rc1+ 36. Kh2 Rxf2 37. Bf3 Rcc2 38. Kg3 Rf1 39. Rd7 Bc5
40. Rb8 Bxe3 41. Rbb7 Bf2+ 42. Kh2 Rcc1 43. Rxf7+ Kh6 44. Rxh7+ Kg5 45. h4+ Kf4
46. Rhf7+ Ke3 47. Rbe7+ Kd4 48. Re4+ Kd3 49. Rd7+ Kc3 50. Rc7+ Kb2 51. Rxc1
Kxc1 52. a4 Be1 53. Rg4 Kb2 54. Be4 Rf6 55. g3 Ka3 56. Bxg6 Rf2+ 57. Kh3 Rf1
58. Bd3 Rf3 59. Bb5 Rf5 60. Re4 Bd2 61. Rd4 Be1 62. Rd3+ Kb4 63. g4 Rf2 64. g5
Rf4 65. Rg3 Kc5 66. Rg4 Rf3+ 67. Kg2 Rf2+ 68. Kg1 Rf5 69. g6 Rf8 70. g7 Rg8 71.
Bc4 Rxg7 72. Rxg7 Kxc4 73. Rg4+ Kd5 74. Kg2 Ke5 75. Kh3 1-0

[Event "Lliga Catalana eq. DH"]
[Site "?"]
[Date "2014.04.05"]
[Round "11.8"]
[White "Palomo Teruel, X."]
[Black "Lopez Forn, M."]
[Result "1/2-1/2"]
[WhiteElo "2171"]
[BlackElo "2176"]
[PlyCount "145"]
[EventDate "2014.??.??"]
[EventType "team"]
[EventCountry "ESP"]

1. d4 Nf6 2. c4 e6 3. Nc3 Bb4 4. f3 c5 5. d5 d6 6. e4 exd5 7. cxd5 Nh5 8. Be3
O-O 9. g4 Nf6 10. Nge2 Re8 11. Bg2 b5 12. O-O Bxc3 13. bxc3 Nbd7 14. g5 Nh5 15.
f4 g6 16. c4 b4 17. Bf3 Ng7 18. Ng3 Nb6 19. Qb3 a5 20. a4 Bd7 21. Bc1 Re7 22.
Bb2 Qe8 23. e5 Rd8 24. Ne4 Kh8 25. Nxd6 Bxa4 26. Rxa4 Qxa4 27. Qd3 Qd7 28. Ne4
Qf5 29. Be2 Na4 30. Ba1 b3 31. Bd1 b2 32. Bxa4 bxa1=Q 33. Rxa1 Rb8 34. d6 Reb7
35. Nxc5 Rb1+ 36. Rxb1 Rxb1+ 37. Kg2 Qg4+ 38. Kf2 Qxf4+ 39. Ke2 Qf1+ 40. Ke3
Qg1+ 41. Ke4 Qg2+ 42. Kf4 Qxh2+ 43. Kf3 Qh1+ 44. Kf2 Qg1+ 45. Kf3 Rf1+ 46. Ke4
Qh1+ 47. Kd4 Rf4+ 48. Ne4 Qa1+ 49. Ke3 Qxe5 50. d7 Ne6 51. d8=Q+ Nxd8 52. Qxd8+
Kg7 53. Qd5 Rxe4+ 54. Qxe4 Qxg5+ 55. Kd4 Qd2+ 56. Ke5 Qb2+ 57. Qd4 f6+ 58. Kd5
Qb7+ 59. Ke6 Qa6+ 60. Ke7 h5 61. Bd7 a4 62. c5 a3 63. c6 a2 64. Qxf6+ Kh6 65.
Qf4+ Kg7 66. Qf8+ Kh7 67. Qf7+ Kh6 68. Qf8+ Kh7 69. c7 Qa3+ 70. Ke8 Qxf8+ 71.
Kxf8 a1=Q 72. c8=Q Qh8+ 73. Kf7 1/2-1/2

[Event "Lliga Catalana eq. DH"]
[Site "?"]
[Date "2014.04.05"]
[Round "11.8"]
[White "Roca Diaz, MA."]
[Black "Codina Garcia, J."]
[Result "1-0"]
[WhiteElo "2147"]
[BlackElo "2219"]
[PlyCount "88"]
[EventDate "2014.??.??"]
[EventType "team"]
[EventCountry "ESP"]

1. d4 d5 2. c4 e6 3. Nf3 Nf6 4. g3 Be7 5. Bg2 O-O 6. O-O Nbd7 7. Nc3 c6 8. b3
b6 9. Bf4 Bb7 10. Re1 Rc8 11. Rc1 Re8 12. e4 dxe4 13. Nd2 Nf8 14. Ndxe4 Ng6 15.
Be3 Qc7 16. d5 Nxe4 17. Nxe4 Red8 18. Qe2 exd5 19. cxd5 Qd7 20. Ng5 Bxg5 21.
Bxg5 f6 22. dxc6 Bxc6 23. Qc4+ Qf7 24. Qxf7+ Kxf7 25. Bxf6 Kxf6 26. Rxc6+ Rxc6
27. Bxc6 Rd2 28. a4 Ne5 29. Be4 Ng4 30. Bxh7 g6 31. Bg8 Ne5 32. Re3 g5 33. h3
Kf5 34. Bh7+ Kf6 35. Be4 Rd4 36. Kg2 Rd2 37. g4 Rd4 38. Kg3 Rd2 39. f4 gxf4+
40. Kxf4 Nf7 41. h4 Rd4 42. g5+ Kg7 43. Rd3 Rb4 44. Rd7 a5 1-0

[Event "Lliga Catalana eq. DH"]
[Site "?"]
[Date "2014.04.05"]
[Round "11.8"]
[White "Rojas Keim, LA."]
[Black "Martin Gonzalez, A."]
[Result "1/2-1/2"]
[WhiteElo "2473"]
[BlackElo "2464"]
[PlyCount "84"]
[EventDate "2014.??.??"]
[EventType "team"]
[EventCountry "ESP"]

1. d4 d5 2. Nf3 c5 3. e3 Nf6 4. Bd3 Nc6 5. O-O Bg4 6. c3 e5 7. dxe5 Nxe5 8.
Bb5+ Bd7 9. Bxd7+ Nexd7 10. Qb3 Qb6 11. c4 dxc4 12. Qxc4 Bd6 13. Nc3 O-O 14.
Nb5 Ne5 15. Nxe5 Bxe5 16. f4 a6 17. Na3 Bc7 18. e4 Rfd8 19. e5 Rd4 20. Qe2 Nd5
21. Nc2 Ra4 22. Kh1 Qb5 23. Qf3 Re4 24. Rd1 Qe2 25. Qxe2 Rxe2 26. Rxd5 Rd8 27.
Rxd8+ Bxd8 28. Be3 Rxc2 29. Rd1 Ba5 30. Bxc5 Rxc5 31. b4 Rc4 32. bxa5 g6 33. g3
Kf8 34. Rd7 Ra4 35. Rxb7 Rxa2 36. Ra7 Rxa5 37. Kg2 Ra2+ 38. Kf3 h5 39. h3 Ra3+
40. Kg2 Ra2+ 41. Kf3 Ra3+ 42. Kg2 Ra2+ 1/2-1/2

[Event "Lliga Catalana eq. DH"]
[Site "?"]
[Date "2014.04.05"]
[Round "11.8"]
[White "Travesset Barba, J."]
[Black "Perez Mañas, B."]
[Result "0-1"]
[WhiteElo "2181"]
[BlackElo "2375"]
[PlyCount "54"]
[EventDate "2014.??.??"]
[EventType "team"]
[EventCountry "ESP"]

1. d4 d5 2. Nf3 Nc6 3. g3 Bg4 4. Bg2 Qd7 5. h3 Bxf3 6. Bxf3 O-O-O 7. c3 e5 8.
dxe5 Nxe5 9. Bg2 f5 10. Bf4 Ng6 11. Bg5 Be7 12. Bxe7 N8xe7 13. e3 Ne5 14. O-O
h5 15. Nd2 h4 16. Nf3 Nxf3+ 17. Qxf3 hxg3 18. fxg3 c6 19. Rad1 Qe6 20. Rd4 Rdf8
21. h4 g5 22. hxg5 Ng6 23. Qe2 Qe7 24. g4 f4 25. Re1 Qh7 26. Rf1 Qh2+ 27. Kf2
f3 0-1

[Event "Lliga Catalana eq. DH"]
[Site "?"]
[Date "2014.04.05"]
[Round "11.9"]
[White "Camacho Collados, M."]
[Black "Perpinya Rofes, LM."]
[Result "1-0"]
[WhiteElo "2420"]
[BlackElo "2453"]
[PlyCount "88"]
[EventDate "2014.??.??"]
[EventType "team"]
[EventCountry "ESP"]

1. e4 c5 2. Nf3 Nc6 3. Bb5 e6 4. O-O Nge7 5. b3 a6 6. Bxc6 Nxc6 7. Bb2 b5 8.
Re1 Bb7 9. d3 d6 10. d4 cxd4 11. Nxd4 Nxd4 12. Qxd4 Rc8 13. Nc3 Be7 14. Qxg7
Bf6 15. Qg3 Be5 16. Qf3 Qf6 17. Qxf6 Bxf6 18. Re3 Ke7 19. Rd1 Be5 20. Red3 Rhd8
21. f3 Rc5 22. b4 Rc4 23. a3 Bh8 24. R1d2 Rc7 25. Nd1 Bxb2 26. Nxb2 d5 27. Nd1
Rdc8 28. exd5 Bxd5 29. Ne3 Ba2 30. Kf2 Bb1 31. Rd6 Rc6 32. Rxc6 Rxc6 33. Ke2
Ba2 34. Rd4 e5 35. Rd3 Be6 36. Kd2 Rc8 37. g4 h5 38. h3 hxg4 39. hxg4 Rh8 40.
Nd5+ Bxd5 41. Rxd5 Rh7 42. Rd4 e4 43. fxe4 Rh4 44. Kd3 Rxg4 1-0

[Event "Lliga Catalana eq. DH"]
[Site "?"]
[Date "2014.04.05"]
[Round "11.9"]
[White "Garcia Castellote, O."]
[Black "Benet Morant, D."]
[Result "0-1"]
[WhiteElo "2171"]
[BlackElo "2168"]
[PlyCount "96"]
[EventDate "2014.??.??"]
[EventType "team"]
[EventCountry "ESP"]

1. e4 c5 2. d3 Nc6 3. g3 g6 4. Bg2 Bg7 5. f4 d6 6. Nf3 e6 7. O-O Nge7 8. c3 O-O
9. Be3 Rb8 10. d4 d5 11. e5 c4 12. g4 b5 13. Qe1 b4 14. Qh4 bxc3 15. bxc3 Qa5
16. Ng5 h6 17. Nf3 f5 18. exf6 Rxf6 19. Qe1 Rf7 20. Qd1 Bd7 21. Qc2 e5 22. Nxe5
Nxe5 23. fxe5 Rxf1+ 24. Bxf1 Bxg4 25. Nd2 Nf5 26. Bf2 Qd8 27. h3 Bh5 28. Kh1
Ne7 29. Rb1 g5 30. Rxb8 Qxb8 31. Qb1 Qxb1 32. Nxb1 Kf7 33. Kg2 Ke6 34. Kg3 Bf8
35. Be3 Nf5+ 36. Kf2 Nxe3 37. Kxe3 Bg6 38. Nd2 Ba3 39. Nxc4 dxc4 40. Bxc4+ Ke7
41. d5 Bf5 42. Bf1 Bc5+ 43. Kf3 a5 44. Kg3 Be3 45. a4 Bf4+ 46. Kf3 Bxe5 47. c4
Kd6 48. Ke3 Kc5 0-1

[Event "Lliga Catalana eq. DH"]
[Site "?"]
[Date "2014.04.05"]
[Round "11.9"]
[White "Garcia Jimenez, FJ."]
[Black "Camacho Liesa, J."]
[Result "1-0"]
[WhiteElo "2362"]
[BlackElo "2137"]
[PlyCount "99"]
[EventDate "2014.??.??"]
[EventType "team"]
[EventCountry "ESP"]

1. e4 e5 2. Bc4 Nf6 3. d4 exd4 4. e5 d5 5. Bb5+ c6 6. exf6 cxb5 7. Qe2+ Be6 8.
Nf3 Bb4+ 9. c3 dxc3 10. Qxb5+ Nc6 11. bxc3 Qxf6 12. Bg5 Bxc3+ 13. Kf1 Bxa1 14.
Bxf6 Bxf6 15. h3 O-O 16. Kg1 Rab8 17. Kh2 a6 18. Qa4 d4 19. Nbd2 Bd5 20. Re1
Rfe8 21. Qc2 Rxe1 22. Nxe1 Re8 23. Nd3 Be7 24. Kg1 Bd6 25. Qb2 b5 26. Nf3 Bc4
27. Qd2 h6 28. g4 Bd5 29. Nh4 Ne5 30. Nxe5 Bxe5 31. Nf5 Bc4 32. g5 hxg5 33.
Qxg5 Bf6 34. Qg4 Be6 35. Qe4 Bd7 36. Qd3 Re1+ 37. Kg2 Bc6+ 38. f3 Re5 39. Nxd4
Rd5 40. Qc2 Rg5+ 41. Kf1 Bxd4 42. Qxc6 Rg6 43. Qe8+ Kh7 44. Qxf7 b4 45. Qf5 Bf6
46. Kf2 Kh6 47. Qf4+ Rg5 48. h4 a5 49. hxg5+ Bxg5 50. Qd4 1-0

[Event "Lliga Catalana eq. DH"]
[Site "?"]
[Date "2014.04.05"]
[Round "11.9"]
[White "Izquierdo, J."]
[Black "Fernandez Madrid, C."]
[Result "0-1"]
[WhiteElo "1887"]
[BlackElo "2281"]
[PlyCount "80"]
[EventDate "2014.??.??"]
[EventType "team"]
[EventCountry "ESP"]

1. d4 Nf6 2. c4 c6 3. Nc3 d5 4. Nf3 g6 5. h3 Bg7 6. a3 dxc4 7. e4 b5 8. Be3 O-O
9. Be2 Bb7 10. O-O a5 11. b4 axb4 12. axb4 Na6 13. Rb1 Nc7 14. Ne5 Nd7 15. Ng4
Ra3 16. Qc2 h5 17. Nh2 Qa8 18. Nf3 e5 19. Rfd1 exd4 20. Bxd4 Nf6 21. Bc5 Rxc3
22. Qxc3 Nxe4 23. Qe3 Nxc5 24. Qxc5 Nd5 25. Re1 Bc3 26. Rec1 Bf6 27. Nd4 Be7
28. Ra1 Bxc5 29. Rxa8 Bxd4 30. Rxf8+ Kxf8 31. Rb1 Nc3 32. Rb2 Nxe2+ 33. Rxe2
Bc3 34. Ra2 Kg7 35. Ra7 Bc8 36. Rc7 Bf5 37. Rxc6 Bxb4 38. Rb6 c3 39. Rc6 c2 40.
Kf1 Bd3+ 0-1

[Event "Lliga Catalana eq. DH"]
[Site "?"]
[Date "2014.04.05"]
[Round "11.9"]
[White "Lluis Alabedra, A."]
[Black "Garcia Playa, D."]
[Result "1/2-1/2"]
[WhiteElo "2185"]
[BlackElo "2168"]
[PlyCount "92"]
[EventDate "2014.??.??"]
[EventType "team"]
[EventCountry "ESP"]

1. e4 c6 2. d4 d5 3. Nc3 dxe4 4. Nxe4 Bf5 5. Ng3 Bg6 6. h4 h6 7. Nf3 Nd7 8. h5
Bh7 9. Bd3 Bxd3 10. Qxd3 e6 11. Bd2 Ngf6 12. O-O-O Be7 13. Ne4 Nxe4 14. Qxe4
Nf6 15. Qe2 Qd5 16. Kb1 O-O 17. g4 Nxg4 18. Rhg1 f5 19. Ne5 Nxe5 20. dxe5 Qe4
21. Qxe4 fxe4 22. Bxh6 Rf7 23. Rd7 Bf8 24. Rxf7 Kxf7 25. Be3 Rd8 26. Bxa7 Rd5
27. Be3 Rxe5 28. Rh1 Bc5 29. Bxc5 Rxc5 30. Kc1 Rf5 31. Rh2 Kf6 32. Kd2 Ke5 33.
Ke3 Rf3+ 34. Ke2 b5 35. h6 gxh6 36. Rxh6 Rf5 37. a3 Kd5 38. Rh1 Kc4 39. Rd1 Rd5
40. Ra1 Rf5 41. a4 bxa4 42. Rxa4+ Kd5 43. Ra5+ Kd4 44. c3+ Kc4 45. Ra4+ Kd5 46.
Rd4+ Ke5 1/2-1/2

[Event "Lliga Catalana eq. DH"]
[Site "?"]
[Date "2014.04.05"]
[Round "11.9"]
[White "Mateu Guiu, E."]
[Black "Saenz Rebull, J."]
[Result "1-0"]
[WhiteElo "2159"]
[BlackElo "2207"]
[PlyCount "91"]
[EventDate "2014.??.??"]
[EventType "team"]
[EventCountry "ESP"]

1. e4 e6 2. Nf3 d5 3. Nc3 Nf6 4. e5 Nfd7 5. d4 Be7 6. Bd3 c5 7. dxc5 Nxc5 8.
Be3 Nxd3+ 9. Qxd3 Nc6 10. h4 h6 11. h5 Nb4 12. Qd2 Bd7 13. Rh3 a6 14. Rg3 Bf8
15. Nd4 Qc7 16. Bf4 Qb6 17. Be3 Qc7 18. Bf4 Qb6 19. Nb3 O-O-O 20. Be3 Qc7 21.
f4 Be8 22. a3 Nc6 23. Qf2 d4 24. Nxd4 Bc5 25. O-O-O Nxd4 26. Bxd4 Bxd4 27. Rxd4
f5 28. Rxd8+ Kxd8 29. Rd3+ Ke7 30. Qh4+ Kf7 31. g4 fxg4 32. Qxg4 Rg8 33. Ne4
Bb5 34. Rd6 Qc4 35. Nd2 Qc8 36. Qg6+ Ke7 37. Rd4 Qe8 38. Qg4 g5 39. hxg6 Qxg6
40. Qh4+ Kf7 41. Nf3 Bc6 42. f5 exf5 43. Rd6 Qxd6 44. exd6 Bxf3 45. Qe7+ Kg6
46. d7 1-0